000 00599nam a2200217Ia 4500
005 20241129111328.0
008 241129s9999||||xx |||||||||||||| ||und||
020 _a9953-420-30-0
037 _aTB
040 _aCRL
_beng
_cCRL
041 _aara
_2ara
084 _aO28,1D15:g P1
_qCRL
100 _aKibreet Sameer Mohammad Au.
245 0 _aAl-mutnabi
_cKibreet Sameer Mohammad Au.
260 _aBeirut, Lebanon
_bDar al-kotob al-ilmiyah
_c2001
300 _a183p.
365 _aINR
_b456
650 _aArabic Poetry
942 _cTB
_hO28,1D15:g P1
999 _c1229951
_d1229951